|
|
|
แสดงรายละเอียดบรรณานุกรม |
|
|
Brief Record
: Get Marc (ISO 2709)
: E-mail record
: |
|
|
| LEADER 00000nam 2200000uu 4500 | |||
| 001 52400 | |||
| 003 ULIBM | |||
| 008 190528s||||||||th 000 0 tha d | |||
| 020 ^a 978 616 395 930 0 | |||
| 082 0 ^a อ.923.1593 ^b ค - จ | |||
| 110 0 ^a คณะกรรมการฝ่่ายจัดทำหนังสือจดหมายเหตุฯ | |||
| 245 00 ^a จดหมายเหตุงานเฉลิมพระเกียรติสมเด็จพระนางเจ้าสิริกิติ์ พระบรมราชินีนาถฯ/^cคณะกรรมการฝ่่ายจัดทำหนังสือจหมายเหตุฯ | |||
| 250 ^a พิมพ์ครั้งที่ 1 | |||
| 260 ^a กรุงเทพฯ :^b กระทรวงศึกษาธิการ,^c 2561 | |||
| 300 ^a 598 หน้า : ^b ภาพประกอบ | |||
| 600 00 ^a สิริกิติ์พระบรมราชินีนาถ,สมเด็จพระนางเจ้า,^d 2475 - | |||
| 650 0 f | |||
| 999 ^ananthaya | |||
| คุณยังไม่ได้ล็อกอิน คุณสามารถมีกิจกรรมร่วมกับเว็บไซต์ได้ แต่ต้องล็อกอินก่อน :: |
|
| สถานะ | |||||||||
| 1. | หนังสือ สถานะ=ใช้ในห้องสมุดเท่านั้น | อ.923.1593 ค - จ Barcode: 083507 | ►หนังสืออ้างอิง | On Shelf | |||||
| [แสดง 1/1 รายการ] | |||||||||

BibComment |
| คอมเมนท์ทรัพยากรรายการนี้ |
|
|
ห้องสมุดโรงเรียนสามัคคีวิทยาคม
159 ถ.บรรพปราการ ต.เวียง อ.เมือง จ.เชียงราย 57000
โทร. 053-711018 โทรสาร 053-713003